000 00284nam a2200121Ia 4500
008 191201s2014 xx 000 0 und d
100 _aGIRI, N K
245 0 _aAutomobile Mechanics
260 _aN. Delhi
_bKhanna Pub
_c2014
300 _a1015
650 _aB.Tech(ME)
942 _2ddc
_cBK
999 _c6107
_d6107